Study of a Gglucose Derivative Labeled with Technetium-99m as Potential Radiopharmaceutical for Cancer Diagnosis; European Journal of Nuclear Medicine and Molecular Imaging; Vol. 43, suppl. 1 : European Association of Nuclear Medicine, EANM'16

Detalles Bibliográficos
Parent link:European Journal of Nuclear Medicine and Molecular Imaging.— , 1976-
Vol. 43, suppl. 1 : European Association of Nuclear Medicine, EANM'16.— 2016.— [P. 466]
Otros Autores: Zelchan (Zeltchan) R. V. Roman Vladimirovich, Chernov V. I. Vladimir Ivanovich, Medvedeva А. А. Anna Aleksandrovna, Sinilkin I. G. Ivan Gennadjevich, Stasyuk (Stasiuk) E. S. Elena Sergeyevna, Rogov A. S. Alexander Sergeyevich, Ilyina E. A. Ekaterina Alekseevna, Skuridin V. S. Viktor Sergeyevich, Bragina O. D. Olga Dmitrievna
Sumario:Title screen
Lenguaje:inglés
Publicado: 2016
Materias:
Acceso en línea:http://dx.doi.org/10.1007/s00259-016-3484-4
Formato: Electrónico Capítulo de libro
KOHA link:https://koha.lib.tpu.ru/cgi-bin/koha/opac-detail.pl?biblionumber=654484

MARC

LEADER 00000naa0a2200000 4500
001 654484
005 20251204155318.0
035 |a (RuTPU)RU\TPU\network\20080 
035 |a RU\TPU\network\20020 
090 |a 654484 
100 |a 20170428d2016 k||y0rusy50 ba 
101 0 |a eng 
102 |a DE 
135 |a drcn ---uucaa 
181 0 |a i  
182 0 |a b 
200 1 |a Study of a Gglucose Derivative Labeled with Technetium-99m as Potential Radiopharmaceutical for Cancer Diagnosis  |f R. V. Zelchan [et al.] 
203 |a Text  |c electronic 
300 |a Title screen 
461 1 |t European Journal of Nuclear Medicine and Molecular Imaging  |d 1976- 
463 1 |t Vol. 43, suppl. 1 : European Association of Nuclear Medicine, EANM'16  |v [P. 466]  |f abstracts  |d 2016 
610 1 |a электронный ресурс 
610 1 |a труды учёных ТПУ 
610 1 |a радиофармпрепараты 
610 1 |a диагностика 
610 1 |a рак 
610 1 |a злокачественные опухоли 
610 1 |a исследования 
701 1 |a Zelchan (Zeltchan)  |b R. V.  |c specialist in the field of medical technology  |c Researcher of the Tomsk Polytechnic University, Candidate of Medical Sciences  |f 1984-  |g Roman Vladimirovich  |3 (RuTPU)RU\TPU\pers\34194  |9 17728 
701 1 |a Chernov  |b V. I.  |c specialist in the field of medical technology  |c lead engineer of Tomsk Polytechnic University, doctor of medical sciences  |f 1962-  |g Vladimir Ivanovich  |3 (RuTPU)RU\TPU\pers\34191  |9 17725 
701 1 |a Medvedeva  |b А. А.  |g Anna Aleksandrovna  |f 1975-  |c specialist in the field of medical technology  |c research fellow of Tomsk Polytechnic University, Doctor of Medical Sciences  |3 (RuTPU)RU\TPU\pers\37376  |9 20294 
701 1 |a Sinilkin  |b I. G.  |c specialist in the field of medical technology  |c laboratory, Tomsk Polytechnic University, candidate of medical science  |f 1972-  |g Ivan Gennadjevich  |3 (RuTPU)RU\TPU\pers\34189  |9 17723 
701 1 |a Stasyuk (Stasiuk)  |b E. S.  |c Specialist in the field of nuclear power engineering  |c Researcher of Tomsk Polytechnic University, Candidate of technical sciences  |f 1978-  |g Elena Sergeyevna  |3 (RuTPU)RU\TPU\pers\32656  |9 16555 
701 1 |a Rogov  |b A. S.  |c Radiochemist  |c Engineer of Tomsk Polytechnic University  |f 1986-  |g Alexander Sergeyevich  |3 (RuTPU)RU\TPU\pers\32658  |9 16557 
701 1 |a Ilyina  |b E. A.  |c physicist, specialist in the field of nuclear physics  |c engineer of Tomsk Polytechnic University  |f 1990-  |g Ekaterina Alekseevna  |3 (RuTPU)RU\TPU\pers\34266  |9 17797 
701 1 |a Skuridin  |b V. S.  |c Physicist, Specialist in the field of nuclear power engineering  |c Professor of Tomsk Polytechnic University, Doctor of technical sciences  |f 1946-  |g Viktor Sergeyevich  |3 (RuTPU)RU\TPU\pers\32655  |9 16554 
701 1 |a Bragina  |b O. D.  |c specialist in the field of medical technology  |c Senior Researcher of the Tomsk Polytechnic University, Doctor of Medical Sciences  |f 1986-  |g Olga Dmitrievna  |y Tomsk  |3 (RuTPU)RU\TPU\pers\35943  |9 19084 
801 1 |a RU  |b 63413507  |c 20141010 
801 2 |a RU  |b 63413507  |c 20170428  |g RCR 
856 4 |u http://dx.doi.org/10.1007/s00259-016-3484-4  |z http://dx.doi.org/10.1007/s00259-016-3484-4 
942 |c CF